Cơ sở vật lý T.5 : Điện học II T.5
Na minha lista:
| Autor principal: | |
|---|---|
| Formato: | Livro |
| Idioma: | Vietnamese |
| Publicado em: |
Giáo dục
1999
|
| Tags: |
Adicionar Tag
Sem tags, seja o primeiro a adicionar uma tag!
|
| Thư viện lưu trữ: | Mạng thư viện Đại học Đà Nẵng |
|---|
| LEADER | 00755nam a2200253 4500 | ||
|---|---|---|---|
| 001 | 000022862 | ||
| 003 | 19311 | ||
| 005 | 20150515140556.0 | ||
| 008 | 150515s1999 viesd | ||
| 020 | |c 29200 | ||
| 041 | 0 | |a vie | |
| 082 | 1 | 4 | |a 537,1 |b HA-D |
| 100 | 1 | |a Halliday, David | |
| 245 | 1 | 0 | |a Cơ sở vật lý T.5 : Điện học II |b T.5 |c David Halliday, Robert Resnick, Jearl Walker ; Chủ biên: Hoàng Hữu Thư ; Đàm Trung Đồn, Lê Khắc Bình, Đào Kim Ngọc dịch |
| 260 | |b Giáo dục |c 1999 | ||
| 300 | |a tr. |c cm. | ||
| OWN | |a LSP | ||
| 999 | |a From the UDN01 | ||
| TYP | |a Monograph | ||
| TYP | |a Printed language | ||
| 980 | |a Mạng thư viện Đại học Đà Nẵng | ||